000 00791cam a2200265 4500
001 12709
005 20230410115656.0
008 060907s1968 nyu eng
035 _9funglode12809
041 _aeng
050 1 4 _aHG 181
_bL962r 1968
082 0 0 _a301.44/1
100 1 _aLundberg, Ferdinand,
_d1902-
245 1 4 _aThe rich and the super-rich /
_cFerdinand Lundberg
260 _aNew York :
_bLyle Stuart, Inc.,
_c1968
300 _a812 p. ;
_c24 cm.
650 0 _aCapitalists and financiers
_zUnited States.
650 0 _aRich people
_zUnited States.
650 0 _aWealth
_zUnited States.
650 4 _aCapitalistas
_zEstados Unidos.
650 4 _aRiqueza
_zEstados Unidos
650 4 _aMillonarios
_zEstados Unidos.
650 4 _aClases sociales.
942 _2lcc
_cbk
999 _c45857
_d45857